000
00239nam a2200097 a 4500
005
20200930070504.0
008
110908s1798 000 spa d
245
0
_a
The columbiad : an epic poem.
260
_a
London,
_c
1798.
999
_c
33238
_d
33238
040
_a
DO-SdBNP